• 首页
  • 本馆介绍
  • 公告通知
  • 最新文献
  • 馆藏检索
  • 电子资源
  • 读者导购
  • 参考咨询
  • 我的图书馆
  • 登录
  • 详细信息显示
  • 放入我的书架
  • 预约/预借图书
  • 作者相关作品
  • 分类相关作品
  • 丛书相关作品
  • 出版社相关作品

书目信息

  • 表格格式
  • 工作单格式
  • 卡片格式
题名:
一场哲学论争
    
 
作者: ;学术研究编辑部 编
分册:  
出版信息: 广州   广东人民出版社  1982
页数: 154页
开本: 19cm
丛书名:
单 册:
中图分类: B023.2
科图分类:
主题词: 物质-转化-精神(哲学)--文集 , 精神(哲学)-转化-物质--文集
电子资源:
ISBN:
000 00729nam0 2200241 45
001 0182006361
005 20060727171624.76
010    @dCNY0.41
091    @aCN@b2111.36
100    @a19950225d1982 kemy0chiy0121 ea
101 0  @achi
102    @aCN@b440000
105    @ay z 000yy
200 10 @a一场哲学论争@Ayi chang zhe xue lun zheng@e关于物质变精神、精神变物质问题讨论文集@f《学术研究》编辑部编
210    @a广州@c广东人民出版社@d1982
215    @a154页@d19cm
606    @a物质-转化-精神(哲学)@x文集
606    @a精神(哲学)-转化-物质@x文集
690    @aB023.2@v3
711 02 @a学术研究编辑部@Axue shu yan jiu bian ji bu@4编
801  2 @aCN@bNLC@c20060727
801  0 @aCN@bTSSF@c20060720
905    @a10447@dB023.2@e81
    
    一场哲学论争:关于物质变精神、精神变物质问题讨论文集/《学术研究》编辑部编.-广州:广东人民出版社,1982
    154页;19cm
    
    
    ISBN :CNY0.41
    
●
相关链接 在E读中查询图书 在五车中查询图书 在当当中查询图书 在豆瓣中查询图书


正题名:一场哲学论争     索取号:B023.2/81         预约/预借

序号 登录号 条形码 馆藏地/架位号 状态 备注
1 0424343   204243434   密集书库/ [索取号:B023.2/81] 在馆    
2 0424818   204248180   密集书库/ [索取号:B023.2/81] 在馆    
3 0440130   204401307   密集书库/ [索取号:B023.2/81] 在馆    
唐山师范学院图书馆 欢迎您!
大连网信软件有限公司© 版权所有